| 000 | 00000nam 2200000zi 4500 |
| 001 | 9.940779 |
| 003 | CaOODSP |
| 005 | 20250324101601 |
| 006 | m o d f |
| 007 | cr mn||||||||| |
| 008 | 240719s1970 oncb o f000 0 fre d |
| 040 | |aCaOODSP|bfre|erda|cCaOODSP |
| 043 | |an-cn-nk|an-cn--- |
| 086 | 1 |aRE24-52/1970F-PDF |
| 245 | 00|aEntente Canada - Nouveau-Brunswick (modification no. 1, 22 octobre 1970) : |bplan d'ensemble de développement, région de Mactaquac. |
| 246 | 34|aMactaquac, entente Canada-Nouveau-Brunswick (modification no. 1, 22 octobre 1970) : |bplan d'ensemble de développement, région de Mactaquac |
| 264 | 1|a[Ottawa] : |bExpansion économique régionale Canada = Regional Economic Expansion Canada, |c[1970] |
| 300 | |a1 ressource en ligne (42 pages) : |bcarte |
| 336 | |atexte|btxt|2rdacontent/fre |
| 337 | |ainformatique|bc|2rdamedia/fre |
| 338 | |aressource en ligne|bcr|2rdacarrier/fre |
| 500 | |aPublié aussi en anglais sous le titre : Canada-New Brunswick agreement covering a comprehensive development plan for the Mactaquac Region as amended by amendment no. 1, October 22, 1970. |
| 500 | |aÉdition numérisée de l'imprimé [par Innovation, sciences et développement économique Canada]. |
| 650 | 6|aDéveloppement rural|zNouveau-Brunswick. |
| 650 | 6|aDéveloppement communautaire|zNouveau-Brunswick. |
| 650 | 6|aRelations fédérales-provinciales (Canada)|zNouveau-Brunswick. |
| 651 | 6|aNouveau-Brunswick|xPolitique économique. |
| 710 | 1 |aCanada. |bExpansion économique régionale, |eorganisme de publication. |
| 775 | 08|tCanada-New Brunswick agreement covering a comprehensive development plan for the Mactaquac Region as amended by amendment no. 1, October 22, 1970.|w(CaOODSP)9.898210 |
| 856 | 40|qPDF|s1.49 Mo|uhttps://publications.gc.ca/collections/collection_2024/isde-ised/re24/RE24-52-1970-fra.pdf |